00636nam a2200193Ia 4500008004100000020001500041082001500056100003600071245004000107250000900147260003800156300002800194500001900222600002700241650001500268942000700283952013500290999001700425240925s9999 xx 000 0 und d a8121924901 a621.31 THE aTheraja ,B. L.; Theraja ,A. K. 2aA Textbook of Electrical Technology a23rd aNew Delhi:bS. Chand & Coc,2010. axix, 324p.b3fOriginal aIncludes Index aElectrical Engineering aTechnology cBK 001040708ELaUITUbUITUd2018-03-01eParamount Book Pvt Ltdg682.50l0o621.31 THEpQ11580r2024-09-25 07:16:07w2024-09-25yBK c14079d14079